00500 2200205 4500001002100000005001500021008004100036020002200077035001900099041000700118082000800125090001400133100002500147245002900172250001700201260002700218300002300245500001000268650001600278INLIS00000000000156420241224112355241224||||||||| | ||| |||| || |  a978-979-665-608-6 0010-1224001564 aid0 a400 a400 HEN p0 aHenry Guntur Tarigan00aPengajaran remedi bahasa aedisi revisi aBandungbAngkasac2009 ax, 164 hlm.; 21 cm acet.1 0aIlmu Bahasa